000 00355nam a2200133Ia 4500
008 190216s9999||||xx |||||||||||||| ||und||
100 _aEsmarch Sgilreath
245 0 _aFundamental Concepts Of Inorganic Chemistry
250 _a1st Ed.
260 _bMcgraw-Hill International Edition
_c1985
300 _a421
650 _aChemistry-Chemistry
942 _cBK
999 _c2562
_d2562